|
|
|
|
| LEADER |
00000nab a2200000 a 4500 |
| 001 |
vtls000737030 |
| 003 |
SK-MaSNL |
| 005 |
20260302193203.0 |
| 008 |
180207c2000 xo 0 slo |
| 015 |
|
|
|a SNBRB2000/11-31961
|
| 035 |
|
|
|a CLN000088897
|
| 040 |
|
|
|a SNKBUCL
|b slo
|c SNKBUCL
|e AACR2
|
| 041 |
0 |
|
|a slo
|
| 044 |
|
|
|a xo
|c SK
|
| 080 |
|
|
|a 78.091.4:787.1:787.2
|2 UDC-MRF-SK2
|
| 080 |
|
|
|a 787.1
|2 UDC-MRF-SK2
|
| 080 |
|
|
|a 787.2
|2 UDC-MRF-SK2
|
| 100 |
1 |
|
|a Drmola, Jindřich
|4 aut
|9 911481
|
| 245 |
1 |
0 |
|a Čírenie talentov
|b 4. ročník medzinárodnej súťaže a tvorivej dielne umeleckých škôl v hre na husliach a viole
|c Jindřich Drmola
|
| 300 |
|
|
|b Fotogr.
|
| 611 |
1 |
7 |
|a Čírenie talentov
|n 4.
|d 2000
|c Dolný Kubín, Slovensko
|2 snkbucl
|9 911482
|
| 650 |
0 |
7 |
|a hra na husliach
|2 snkbucl
|9 3388
|
| 650 |
0 |
7 |
|a hra na viole
|2 snkbucl
|9 28817
|
| 655 |
|
7 |
|a články z novín a časopisov
|2 snkbucl
|9 267496
|
| 773 |
0 |
|
|x 1335-4515
|t Národná osveta
|g Roč. 10, č. 11 (2000)
|
| 773 |
0 |
|
|x 1335-4515
|t [Príl.] Etuda
|g Roč. 6, č. 3 (2000), s. 6-7
|
| 850 |
|
|
|a Slovenská národná knižnica v Martine
|
| 852 |
|
|
|a SNK
|b KIS3GCP
|
| 958 |
|
|
|a RBX
|
| 999 |
|
|
|c 1443613
|d 1445543
|